| 000 | 00578nam a22001931a 4500 | ||
|---|---|---|---|
| 001 | 11625 | ||
| 003 | OSt | ||
| 005 | 20260204212250.0 | ||
| 008 | 130423s2010||||dr ||||||b||||||||||spa|| | ||
| 020 | _a9789993478508 | ||
| 050 | _aRD 344.01 H434r | ||
| 100 | _aHerrera Carbuccia, Manuel Ramon | ||
| 245 | _aRecurso de casacion laboral en iberoamerica/Manuel Ramon Ferrera Carbuccia | ||
| 264 | _aRepública Dominicana : Libreria Juridica internacional | ||
| 300 | _a417 | ||
| 500 | _aIncluye bibliografia | ||
| 650 | _aDerecho Laboral 2.Casacion LaboralÌ | ||
| 942 |
_2ddc _cBK |
||
| 999 |
_c11625 _d11625 |
||